Sila jednoduchosti

Oblasti, kde je možné zjednoušením dosiahnuť úspory vo firme. Ako na zjednodušenie. Šesť princípov efektivity. Paretov princíp. Menej je viac. Obmedzovanie času, priestoru a zdrojov. Voľba podstatného.

Salvato in:
Dettagli Bibliografici
Autore principale: Košturiak, Ján
Natura: Capitolo di libro
Lingua:slovacco
Soggetti:
Tags: Aggiungi Tag
Nessun Tag, puoi essere il primo ad aggiungerne!!

MARC

LEADER 00000naa a2200000 4500
001 0177985
005 20231113081337.8
041 0 |a slo 
044 |a SK 
245 1 0 |a Sila jednoduchosti  |c Ján Košturiak 
520 |a Oblasti, kde je možné zjednoušením dosiahnuť úspory vo firme. Ako na zjednodušenie. Šesť princípov efektivity. Paretov princíp. Menej je viac. Obmedzovanie času, priestoru a zdrojov. Voľba podstatného. 
610 2 0 |a manažment 
610 2 0 |a riadenie 
610 2 0 |a efektívnosť 
610 2 0 |a úspory 
610 2 0 |a procesy podnikové 
610 2 0 |a produkty 
610 2 0 |a zisk 
100 1 |a Košturiak, Ján